000 00325nam a2200133Ia 4500
008 190723s9999 xx 000 0 und d
020 _a978-81-265-6469-9
100 _aRichard A. Defusco
245 0 _aQuantitative Investment analysis
250 _a3rd
260 _aNew Delhi
_bWiley
_c2017
300 _a609.:p
942 _cBK
999 _c1798
_d1798